• 首页
  • 本馆介绍
  • 公告通知
  • 最新文献
  • 馆藏检索
  • 电子资源
  • 读者导购
  • 参考咨询
  • 我的图书馆
  • 登录
  • 详细信息显示
  • 放入我的书架
  • 预约/预借图书
  • 作者相关作品
  • 分类相关作品
  • 丛书相关作品
  • 出版社相关作品

书目信息

  • 表格格式
  • 工作单格式
  • 卡片格式
题名:
美美“道”来
    
 
作者: 徐文良 , 黄发科 , 王建学 著
分册:  
出版信息: 沈阳   辽海出版社  2020.1
页数: 331页
开本: 24cm
丛书名:
单 册:
中图分类: J114
科图分类:
主题词: 美术教育--教学研究
电子资源:
ISBN: 978-7-5451-5094-0
000 00952nam0 2200277 45
001 490011
005 20140817150409.0
010    @a978-7-5451-5094-0@dCNY80.00
099    @aCAL 012020003460
100    @a20200106d2020 em y0chiy0110 ea
101 0  @achi
102    @aCN@b210000
105    @aa z 000yy
106    @ar
200 1  @a美美“道”来@Amei mei “ dao ” lai@e名师美术教育教学研究集萃@f徐文良, 黄发科, 王建学著
210    @a沈阳@c辽海出版社@d2020.1
215    @a331页@c图@d24cm
330    @a这本文集是美术教师教育教学研究的合集, 内容包括: 漫画心情 ; 教师是门最好的课程 ; 一辈子, 一节课 ; 无专业谈啥授业 ; 听课要问诊学生作业表现 ; 做个有趣的老师等。
517 1  @a名师美术教育教学研究集萃
606 0  @a美术教育@x教学研究
690    @aJ114@v5
701  0 @a徐文良@Axu wen liang@4著
701  0 @a黄发科@Ahuang fa ke@4著
701  0 @a王建学@Awang jian xue@4著
801    @aCN@b江苏凤凰@c20211018
905    @b1355271-4@dJ114@e171@f4
    
    美美“道”来:名师美术教育教学研究集萃/徐文良, 黄发科, 王建学著.-沈阳:辽海出版社,2020.1
    331页:图;24cm
    
    
    ISBN 978-7-5451-5094-0:CNY80.00
    这本文集是美术教师教育教学研究的合集, 内容包括: 漫画心情 ; 教师是门最好的课程 ; 一辈子, 一节课 ; 无专业谈啥授业 ; 听课要问诊学生作业表现 ; 做个有趣的老师等。
●
相关链接 在E读中查询图书 在五车中查询图书 在当当中查询图书 在豆瓣中查询图书


正题名:美美"道"来     索取号:J114/171         预约/预借

序号 登录号 条形码 馆藏地/架位号 状态 备注
1 1355271   213552715   第一样本阅览室/ [索取号:J114/171] 在馆    
2 1355272   213552724   第一借阅区/ [索取号:J114/171] 在馆    
3 1355273   213552733   第一借阅区/ [索取号:J114/171] 在馆    
4 1355274   213552742   第一借阅区/ [索取号:J114/171] 在馆    
唐山师范学院图书馆 欢迎您!
大连网信软件有限公司© 版权所有